000 01326nam a2200337 a 4500
003 CHAP
005 20241205081914.0
007 ta
008 241205s2008 mx ad||frm||| 001 0 spa d
040 _amxchpua
_cCHAP
041 0 _aspa
_beng
090 _aTesis
_bR66
_c2008
100 1 _aRomero Muñoz, Juan Antonio
245 1 0 _aVida de anaquel de limón mexicano (Citrus aurantifolia Swingle) bajo dos diferentes condiciones de manejo postcosecha /
_cJuan Antonio Romero Muñoz
264 _aChapingo, México :
_bEl autor,
_c2008
300 _aix, 38 hojas :
_bilustraciones, tablas, gráficas +
336 _2rdacontent
_atexto
_btxt
337 _2rdamedia
_asin medio
_bn
338 _2rdacarrier
_avolumen
_bnc
502 _aTesis
_b(Ingeniero Agroindustrial) --
_cUACh. Departamento de Ingeniería Agroindustrial,
_d2008
504 _aBibliografía : hojas 33-35
650 1 3 _aLimones
_2atg
_xTratamiento postcosecha
650 1 3 _aLimones
_2atg
_xTiempo de vida
650 1 3 _aLemons
_2atg
_xPostharvest treatment
650 1 3 _aLemons
_xShelf life
700 1 _aCorrales García, José Joel Enrique
_edirector
700 1 _aCovarrubias Gutiérrez, Ignacio
_easesor
700 1 _aValle Guadarrama, Salvador
_easesor
901 _aTesis R66 2008
942 _2Clasificación Universidad Autónoma Chapingo
_cTesis
999 _c220304
_d220304